Statistics for Ninjago Episodes (fully updated for Season 9: Hunted)

Click here to take the quiz!

General Stats

  • This quiz has been taken 168 times
  • The average score is 31 of 97

Answer Stats

Episode no.Answer% Correct
Episode 1Rise of the Snakes
65%
Episode 2Home
60%
Pilot (Part 1)Way of the Ninja
59%
Episode 7Tick Tock
56%
Episode 5Can of Worms
55%
Episode 8Once Bitten, Twice Shy
53%
Pilot (Part 2)King of Shadows
52%
Episode 10The Green Ninja
52%
Episode 4Never Trust A Snake
48%
Episode 9The Royal Blacksmiths
48%
Episode 17Ninjaball Run
47%
Episode 34The Titanium Ninja
47%
Episode 13Day of the Great Devourer
45%
Episode 55Infamous
45%
Episode 35The Invitation
45%
Episode 3Snakebit
44%
Episode 37Versus
44%
Episode 45Winds of Change
44%
TV SpecialDay of the Departed
43%
Episode 12Rise of the Great Devourer
43%
Episode 27The Surge
43%
Episode 29Blackout
41%
Episode 18Child's Play
40%
Episode 94Green Destiny
40%
Episode 36Only One Can Remain
40%
Episode 15Pirates vs Ninja
40%
Episode 44The Corridor of Elders
40%
Episode 64The Way Back
40%
Episode 32Codename: Arcturus
39%
Episode 46Ghost Story
37%
Episode 28The Art of the Silent Fist
37%
Episode 33The Void
37%
Episode 16Double Trouble
36%
Episode 38Ninja Roll
36%
Episode 21The Day Ninjago Stood Still
36%
Episode 6The Snake King
36%
Episode 11All of Nothing
35%
Episode 14Darkness Shall Rise
35%
Episode 65The Hands of Time
35%
Episode 57Enkrypted
33%
Episode 25Return of the Overlord
33%
Episode 26Rise of the Spinjitzu Master
33%
Episode 40Spellbound
33%
Episode 76The Jade Princess
33%
Episode 53CurseWorld, Part I
32%
Episode 52Grave Danger
32%
Episode 74Lost in Time
32%
Episode 39Spy for a Spy
32%
Episode 41The Forgotten Element
32%
Episode 24The Last Hope
32%
Episode 20The Stone Army
32%
Episode 19Wrong Place, Wrong Time
32%
Episode 54CurseWorld, Part II
31%
Episode 60My Dinner with Nadakhan
31%
Episode 47Stiix and Stones
31%
Episode 43The Greatest Fear of All
31%
Episode 50Kingdom Come
29%
Episode 56Public Enemy Number One
29%
Episode 30The Curse of the Golden Master
29%
Episode 22The Last Voyage
29%
Episode 84Big Trouble, Little Ninjago
28%
Episode 42Day of the Dragon
28%
Episode 31Enter the Digiverse
28%
Episode 23Island of Darkness
27%
Episode 49Peak-A-Boo
27%
Episode 48The Temple on Haunted Hill
27%
Episode 83True Potential
27%
Episode 62The Last Resort
25%
Episode 75The Mask of Deception
25%
Episode 61Wishmasters
25%
Episode 59On a Wish and a Prayer
24%
Episode 63Operation Land Ho!
24%
Episode 78Snake Jaguar
24%
Episode 80The Quiet One
23%
Episode 85Firstbourne
21%
Episode 81Game of Masks
21%
Episode 92Saving Faith
21%
Episode 51The Crooked Path
21%
Episode 88How to Build a Dragon
20%
Episode 86Iron and Stone
20%
Episode 58Misfortune Rising
20%
Episode 77The Oni and the Dragon
20%
Episode 69A Line in the Sand
19%
Episode 87Radio Free Ninjago
19%
Episode 93Lessons for a Master
17%
Episode 66The Hatching
17%
Episode 67A Time of Traitors
15%
Episode 82Dread on Arrival
15%
Episode 70The Attack
15%
Episode 89The Gilded Path
15%
Episode 90Two Lies, One Truth
15%
Episode 79Dead Man's Squall
13%
Episode 72Pause and Effect
13%
Episode 71Secrets Discovered
13%
Episode 68Scavengers
12%
Episode 91The Weakest Link
12%
Episode 73Out of the Fire, Into the Boiling Sea
8%

Score Distribution

Percentile by Number Answered

Percent of People with Each Score

Your Score History

You have not taken this quiz